000 00454nam a22001697a 4500
003 OSt
008 220115b ||||| |||| 00| 0 eng d
020 _a81-8416-007-0
082 _a611 GOE
100 _aGOYAL, Ramesh K
245 _aElements of Human anatomy Physiology and Health Education
250 _a31th Edition
260 _aAhmedabad
_bB.S.Shah Prakashan
_c2022
300 _a408
650 _aHuman Anatomy and Physiology
942 _2ddc
_cBK
999 _c11063
_d11063